[Event "NED-ch U14 Girls"]
[Site "Almelo"]
[Date "2022.05.06"]
[Round "6"]
[White "Koorevaar, Sarah Joy"]
[Black "De Bruijne, Marlies"]
[Result "1-0"]
[WhiteElo "849"]
[BlackElo "858"]
[PlyCount "137"]
[EventDate "2022.05.01"]
[EventType "swiss"]
[EventRounds "9"]
[EventCountry "NED"]
[SourceTitle "EXT 2023"]
[Source "ChessBase"]
[SourceDate "2022.10.05"]
[SourceVersion "1"]
[SourceVersionDate "2022.10.05"]
[SourceQuality "1"]

1. d4 Nf6 2. c4 e6 3. Nc3 d5 4. Nf3 dxc4 5. e4 Bb4 6. Bg5 h6 7. Bxf6 gxf6 8. Bxc4 Bd7 9. 0-0 Bxc3 10. bxc3 Qe7 11. d5 a6 12. Re1 e5 13. Nh4 Qc5 14. Qd3 Bb5 15. Bxb5+ Qxb5 16. Qxb5+ axb5 17. Red1 Nd7 18. a3 0-0-0 19. Nf5 Kb8 20. Rab1 Nc5 21. f3 Na4 22. Rdc1 c6 23. dxc6 bxc6 24. c4 h5 25. cxb5 Nb6 26. bxc6 Kc7 27. a4 Rb8 28. a5 Na4 29. Rxb8 Rxb8 30. Ng7 Rh8 31. a6 Nb6 32. Nf5 Ra8 33. Ng7 Rxa6 34. Ne8+ Kb8 35. c7+ Kb7 36. Nd6+ Ka7 37. c8Q Nxc8 38. Nxc8+ Kb7 39. Ne7 Re6 40. Nd5 Rd6 41. Rc7+ Kb8 42. Rxf7 Rc6 43. Rxf6 Rc1+ 44. Kf2 h4 45. Ne3 Ra1 46. Rb6+ Ka7 47. Rb2 Ka6 48. h3 Ka5 49. Nc4+ Ka4 50. Nxe5 Rc1 51. Ng6 Ka3 52. Re2 Kb3 53. Nxh4 Kc4 54. g4 Kd4 55. f4 Rc3 56. Nf5+ Kc5 57. e5 Rxh3 58. e6 Rh2+ 59. Kf3 Rh3+ 60. Kg2 Ra3 61. e7 Ra4 62. e8Q Rxf4 63. Qe5+ Kc6 64. Qxf4 Kd5 65. Qd4+ Kc6 66. Rc2+ Kb5 67. Qc4+ Ka5 68. Qb3 Ka6 69. Ra2# 1-0